| 000 | 00412nam a2200205Ia 4500 | ||
|---|---|---|---|
| 001 | 13372 | ||
| 003 | GE_BSU | ||
| 008 | 181216s||||||||xx |||||||||||||| ||und|| | ||
| 020 | _a0349117179 | ||
| 040 | _cGE_BSU | ||
| 080 | _a821.111-3 | ||
| 100 | _aHopkins,Jerry | ||
| 245 | _aElvis. | ||
| 260 | _aLondon. | ||
| 260 | _bAbacus. | ||
| 260 | _c1971 | ||
| 300 | _a364p;19cm. | ||
| 653 | _aElvis. | ||
| 942 | _cBK | ||
| 999 |
_c46533 _d46533 |
||